The American military in the twenty-first century / (Record no. 185827)
[ view plain ]
| 000 -LEADER | |
|---|---|
| fixed length control field | 01314 a2200241 4500 |
| 003 - CONTROL NUMBER IDENTIFIER | |
| control field | Nust |
| 005 - DATE AND TIME OF LATEST TRANSACTION | |
| control field | 20170207153424.0 |
| 010 ## - LIBRARY OF CONGRESS CONTROL NUMBER | |
| LC control number | 93033963 |
| 020 ## - INTERNATIONAL STANDARD BOOK NUMBER | |
| International Standard Book Number | 0312103697 |
| 040 ## - CATALOGING SOURCE | |
| Transcribing agency | Nust |
| 082 00 - DEWEY DECIMAL CLASSIFICATION NUMBER | |
| Classification number | 355.033 |
| 245 04 - TITLE STATEMENT | |
| Title | The American military in the twenty-first century / |
| Statement of responsibility, etc. | Barry M. Blechman ... [et al.]. |
| 260 ## - PUBLICATION, DISTRIBUTION, ETC. | |
| Place of publication, distribution, etc. | New York : |
| Name of publisher, distributor, etc. | St. Martin's Press in association with the Henry L. Stimson Center, |
| Date of publication, distribution, etc. | 1993. |
| 300 ## - PHYSICAL DESCRIPTION | |
| Extent | xxvi, 498 p. ; |
| Dimensions | 22 cm. |
| 505 ## - FORMATTED CONTENTS NOTE | |
| Formatted contents note | Leaving Key West (Page-1), US Interests and Military Power (Page-55), Boundaries of Choice Domestic Constraints on Decisions Affecting The Armed Forces (Page-105), Military Technology Options for the Future (Page-143), Future Need for US Contingency Forces (Page-267), Heading Against Future Threats (Page-343), Forces for Peacekeeping , Pace Enforcement and Humanitarian Mission (Page-397), Conclusion (Page-431), |
| 538 ## - SYSTEM DETAILS NOTE | |
| System details note | Almirah No.53 Shelf No.5 |
| 651 #0 - SUBJECT ADDED ENTRY--GEOGRAPHIC NAME | |
| Geographic name | United States |
| General subdivision | Armed Forces |
| -- | Organization. |
| 651 #0 - SUBJECT ADDED ENTRY--GEOGRAPHIC NAME | |
| Geographic name | United States |
| General subdivision | Military policy. |
| 700 1# - ADDED ENTRY--PERSONAL NAME | |
| Personal name | Blechman, Barry M. |
| 740 0# - ADDED ENTRY--UNCONTROLLED RELATED/ANALYTICAL TITLE | |
| Uncontrolled related/analytical title | American military in the 21st century. |
| 856 42 - ELECTRONIC LOCATION AND ACCESS | |
| Materials specified | Publisher description |
| Uniform Resource Identifier | <a href="http://www.loc.gov/catdir/enhancements/fy0601/93033963-d.html">http://www.loc.gov/catdir/enhancements/fy0601/93033963-d.html</a> |
| 856 42 - ELECTRONIC LOCATION AND ACCESS | |
| Materials specified | Table of contents only |
| Uniform Resource Identifier | <a href="http://www.loc.gov/catdir/enhancements/fy0601/93033963-t.html">http://www.loc.gov/catdir/enhancements/fy0601/93033963-t.html</a> |
| 942 ## - ADDED ENTRY ELEMENTS (KOHA) | |
| Source of classification or shelving scheme | |
| Koha item type | Book |
| Withdrawn status | Lost status | Source of classification or shelving scheme | Damaged status | Not for loan | Collection code | Permanent Location | Current Location | Date acquired | Total Checkouts | Full call number | Barcode | Date last seen | Price effective from | Koha item type |
|---|---|---|---|---|---|---|---|---|---|---|---|---|---|---|
| Military College of Signals (MCS) | Military College of Signals (MCS) | 12/12/2016 | 355.033 BLE | MCS27426 | 12/08/2016 | 12/12/2016 | Book |
